| 000 | 00557nam a2200157 a 4500 | ||
|---|---|---|---|
| 001 | 000043959 | ||
| 005 | 20201002045051.0 | ||
| 008 | 140512s1984 sp c 000 0 spa d | ||
| 020 | _a8486269016 | ||
| 040 |
_aDO-SdBNP _bspa _cBNPHU |
||
| 100 | 1 |
_aGonzalez, Felipe _967033 |
|
| 245 | 1 | 0 |
_aDe Suresnes a la Moncloa / _cFelipe Gonzalez; recuerdos e impresiones de Alfonso Guerra; con testimonios complementarios de: Willy Brandt [et.al.]. |
| 260 |
_aMadrid, : _bNovatex, _c1984. |
||
| 300 |
_a173 p. : _bretrs. ; _c27 cm. |
||
| 700 | 1 | 2 |
_aGuerra, Alfonso _erec. _971902 |
| 999 |
_c43448 _d43448 |
||